Quiz Cultura Generale - Quiz n°60 - Statistics

Statistiche generali
  • Questo quiz è stato fatto 239 volte
  • Il punteggio medio è 9 su 15
Statistiche sulle risposte
Domanda Risposta % Corretto
Di quale continente è originaria la patata? America del Sud
94%
In quale città è nato Giacomo Leopardi? Recanati
86%
Qual è il nome del poeta Petrarca? Francesco
85%
Di che nazionalità era Nelson Mandela? Sudafricana
79%
Chi è il cane di Charlie Brown? Snoopy
77%
Cosa si ottiene moltiplicando le diagonali di un rombo e dividendo per 2? Area del rombo
74%
Com'è chiamato il comportamento caratteristico di alcuni mammiferi e rettili che durante la stagione fredda riducono le proprie funzioni vitali e rimangono in stato di quiescenza? Letargo
73%
Quale alfabeto usa le seguenti lettere: А; Б; В; Г; Д? Alfabeto cirillico
69%
Chi prese il potere in Unione Sovietica dopo la morte di Lenin? Iosif Stalin
65%
Qual è il vero nome del celebre Colosseo? Anfiteatro Flavio
60%
Nei Promessi sposi, qual è il cognome di Lucia? Mondella
55%
Quale celebre scrittore è nipote dell'illuminista Cesare Baccaria? Alessandro Manzoni
41%
Chi ha doppiato Russell Crowe nel film "Il Gladiatore"? Luca Ward
41%
Qual è il ramo della zoologia dedicato allo studio degli insetti? Entomologia
25%
Nell'epica greca, chi era Figlio di Telamone e cugino di Achille? Aiace Telamonio
16%
Nessun quiz corrispondente trovato
Distribuzione punteggi
Percentuale di utenti per punteggio
Percentile per numero di risposta
I tuoi punteggi nel tempo
Non hai fatto questo quiz